[Event "DEM U12/U12w 2014"]
[Site "Magdeburg GER"]
[Date "2014.06.09"]
[Round "4"]
[White "Kopylov, Daniel"]
[Black "Biastoch, Bennet"]
[Result "1-0"]
[Termination "normal"]
[Board "1"]
[WhiteElo "1813"]
[BlackElo "1754"]
[WhiteClock "00:08:43"]
[BlackClock "00:04:40"]
[PlyCount "79"]
[WhiteFideId "12921971"]
[BlackFideId "12939889"]
[EventCountry "GER"]
[EventRounds "11"]
[EventType "swiss"]
[EventDate "2014.06.07"]

1. e4 c5 2. Nf3 d6 3. d4 cxd4 4. Nxd4 Nf6 5. Nc3 a6 6. Be2 e6 7. Be3 Nbd7 8.
O-O b5 9. a4 b4 10. Nc6 Qc7 11. Nxb4 d5 12. Nba2 dxe4 13. Nc1 Bd6 14. h3 O-O
15. Nb3 Bb7 16. a5 Rfd8 17. Qc1 Rac8 18. Ra4 Be5 19. Rc4 Qb8 20. Na4 Bd5 21.
Rxc8 Rxc8 22. Nbc5 Nxc5 23. Nxc5 Bxb2 24. Qb1 Bc3 25. Bxa6 Rd8 26. Qb6 Ba2 27.
Bb7 Nd5 28. Bxd5 exd5 29. Bf4 Qa8 30. a6 Bd4 31. a7 Rc8 32. Be3 Be5 33. Nd7 Bc7
34. Qb2 Bc4 35. Rb1 Rd8 36. Qb7 Bd6 37. Qxa8 Rxa8 38. Rb8+ Bxb8 39. axb8=Q+
Rxb8 40. Nxb8 1-0

[Event "DEM U12/U12w 2014"]
[Site "Magdeburg GER"]
[Date "2014.06.09"]
[Round "4"]
[White "Suvorov, Alexander"]
[Black "Tong, Kevin"]
[Result "1-0"]
[Termination "normal"]
[Board "2"]
[WhiteElo "1569"]
[BlackElo "1758"]
[WhiteClock "00:12:16"]
[BlackClock "00:02:29"]
[PlyCount "85"]
[WhiteFideId "12977063"]
[BlackFideId "12913944"]
[EventCountry "GER"]
[EventRounds "11"]
[EventType "swiss"]
[EventDate "2014.06.07"]

1. Nf3 Nf6 2. c4 c5 3. g3 g6 4. Bg2 Bg7 5. O-O Nc6 6. Nc3 O-O 7. d3 e6 8. Rb1
d5 9. cxd5 exd5 10. Bg5 Be6 11. a3 h6 12. Bd2 Rc8 13. Na4 b6 14. b4 cxb4 15.
axb4 d4 16. b5 Ne7 17. Bf4 Nfd5 18. Be5 Bxe5 19. Nxe5 Qc7 20. Nf3 Nc3 21. Nxc3
Qxc3 22. Qa4 Rfd8 23. Qxa7 Nd5 24. Qa4 Nf6 25. Ne5 Qc5 26. Nc6 Rd7 27. Qb4 Qh5
28. Ne7+ Kg7 29. Nxc8 Bh3 30. f3 g5 31. Nd6 g4 32. Qxd4 Bxg2 33. Kxg2 Qh3+ 34.
Kg1 h5 35. Ne8+ Kf8 36. Qxf6 gxf3 37. Rxf3 h4 38. Qh8+ Ke7 39. Re3+ Kd8 40.
Qf6+ Kc8 41. Rc1+ Kb7 42. Qc6+ Ka7 43. Ra1+ 1-0

[Event "DEM U12/U12w 2014"]
[Site "Magdeburg GER"]
[Date "2014.06.09"]
[Round "4"]
[White "Renger, Niklas"]
[Black "Schulze, Lara"]
[Result "1/2-1/2"]
[Termination "normal"]
[Board "3"]
[WhiteElo "1794"]
[BlackElo "1774"]
[WhiteClock "00:11:59"]
[BlackClock "00:23:41"]
[PlyCount "70"]
[WhiteFideId "12908096"]
[BlackFideId "12956830"]
[EventCountry "GER"]
[EventRounds "11"]
[EventType "swiss"]
[EventDate "2014.06.07"]

1. e4 c5 2. Nf3 Nc6 3. d4 cxd4 4. Nxd4 g6 5. Nc3 Bg7 6. Be3 Nf6 7. Bc4 O-O 8.
f3 Qb6 9. a3 Nxe4 10. Nd5 Qc5 11. Nxc6 Qxc4 12. Ncxe7+ Kh8 13. fxe4 Qxe4 14.
O-O b6 15. Rf4 Qe6 16. Bd4 Bb7 17. Bxg7+ Kxg7 18. Qd4+ f6 19. Raf1 Qe5 20. Qxe5
fxe5 21. Rxf8 Rxf8 22. Rxf8 Kxf8 23. Kf2 Kf7 24. Ke3 Ke6 25. Ke4 b5 26. b3 a5
27. c4 a4 28. cxb5 axb3 29. Kd3 Bxd5 30. Nxd5 Kxd5 31. Kc3 Kc5 32. a4 d5 33.
Kxb3 d4 34. Kc2 e4 35. Kd2 Kb6 1/2-1/2

[Event "DEM U12/U12w 2014"]
[Site "Magdeburg GER"]
[Date "2014.06.09"]
[Round "4"]
[White "Bui, Hai Lam"]
[Black "Engel, Luis"]
[Result "0-1"]
[Termination "normal"]
[Board "4"]
[WhiteElo "1674"]
[BlackElo "1982"]
[WhiteClock "00:32:33"]
[BlackClock "00:36:29"]
[PlyCount "30"]
[WhiteFideId "12975737"]
[BlackFideId "12961523"]
[EventCountry "GER"]
[EventRounds "11"]
[EventType "swiss"]
[EventDate "2014.06.07"]

1. e4 c5 2. Nf3 d6 3. d4 cxd4 4. Nxd4 Nf6 5. Nc3 a6 6. Be3 e5 7. Nde2 Ng4 8.
Nd5 Nxe3 9. Nxe3 Be7 10. Nd5 Nc6 11. f3 O-O 12. g4 Be6 13. Ng3 Bg5 14. Bc4 Qa5+
15. Kf2 Qc5+ 0-1

[Event "DEM U12/U12w 2014"]
[Site "Magdeburg GER"]
[Date "2014.06.09"]
[Round "4"]
[White "Rockmann, Jan-Okke"]
[Black "Mönster, Madita"]
[Result "1-0"]
[Termination "normal"]
[Board "5"]
[WhiteElo "1873"]
[BlackElo "1637"]
[WhiteClock "01:24:56"]
[BlackClock "00:25:38"]
[PlyCount "101"]
[WhiteFideId "12942111"]
[BlackFideId "12947156"]
[EventCountry "GER"]
[EventRounds "11"]
[EventType "swiss"]
[EventDate "2014.06.07"]

1. e4 e6 2. d4 d5 3. Nd2 Nf6 4. Bd3 c5 5. c3 cxd4 6. cxd4 dxe4 7. Nxe4 Nxe4 8.
Bxe4 Bb4+ 9. Bd2 Bxd2+ 10. Qxd2 Nd7 11. Nf3 Nf6 12. Bc2 O-O 13. O-O b6 14. Ne5
Bb7 15. Bb3 Qd6 16. Rfe1 Rfd8 17. Nxf7 Kxf7 18. Rxe6 Qxe6 19. Bxe6+ Kxe6 20.
Qf4 Kf7 21. h3 Kg8 22. Re1 Rf8 23. Qc7 Bd5 24. Re7 Rf7 25. Rxf7 Bxf7 26. a3 Bd5
27. g4 h6 28. f4 Be6 29. g5 hxg5 30. fxg5 Nd5 31. Qc6 Nc7 32. Qxc7 Rc8 33. Qxa7
Rc1+ 34. Kh2 Rc2+ 35. Kg3 Rxb2 36. g6 Kf8 37. Qb8+ Ke7 38. Qc7+ Bd7 39. Qe5+
Kf8 40. Qf4+ Ke7 41. Qf7+ Kd6 42. Qxg7 Be6 43. Qe5+ Kd7 44. d5 Rb3+ 45. Kf4
Bxh3 46. g7 Rxa3 47. g8=Q Ra4+ 48. Ke3 Ra3+ 49. Kd2 Ra8 50. Qf7+ Kd8 51. Qh8#
1-0

[Event "DEM U12/U12w 2014"]
[Site "Magdeburg GER"]
[Date "2014.06.09"]
[Round "4"]
[White "Suvorov, Luca"]
[Black "Stork, Oliver"]
[Result "1/2-1/2"]
[Termination "normal"]
[Board "7"]
[WhiteElo "1599"]
[BlackElo "1629"]
[PlyCount "120"]
[WhiteFideId "12977071"]
[BlackFideId "12955728"]
[EventCountry "GER"]
[EventRounds "11"]
[EventType "swiss"]
[EventDate "2014.06.07"]

1. d4 d5 2. e3 Nf6 3. Bd3 e6 4. f4 Bd6 5. Nf3 Nbd7 6. O-O b6 7. Ne5 Bb7 8. c3
c5 9. Nd2 c4 10. Bc2 O-O 11. Rf3 Ne4 12. Rh3 f5 13. Nxe4 fxe4 14. Nxd7 Qxd7 15.
g4 Qf7 16. Qe2 Be7 17. Bd2 Qg6 18. Rg3 Bc6 19. Rf1 Bd7 20. Bd1 b5 21. Rg2 a5
22. a3 Rab8 23. Qe1 Qh6 24. g5 Qg6 25. h4 e5 26. h5 Qc6 27. Qg3 exf4 28. exf4
Bf5 29. Bg4 Qe6 30. Bxf5 Qxf5 31. Kh2 Rb6 32. Re1 Bd6 33. Rf1 Rfb8 34. h6 g6
35. Be3 b4 36. axb4 axb4 37. Rff2 bxc3 38. bxc3 Rb3 39. Rc2 Bc7 40. Rgf2 Ba5
41. Bd2 e3 42. Bxe3 Bxc3 43. Qg2 Be1 44. Rfe2 Rxe3 45. Rxe3 Qxf4+ 46. Rg3 Kf8
47. Qf3 Bxg3+ 48. Qxg3 Qxg3+ 49. Kxg3 Ke7 50. Ra2 Rb7 51. Kf4 Rc7 52. Ke5 Rd7
53. Ra8 Rd8 54. Ra7+ Rd7 55. Ra5 Rc7 56. Kxd5 c3 57. Ra1 c2 58. Rc1 Kd7 59. Ke5
Ke7 60. Kd5 Kd7 1/2-1/2

[Event "DEM U12/U12w 2014"]
[Site "Magdeburg GER"]
[Date "2014.06.09"]
[Round "4"]
[White "Oganessjan, Artur"]
[Black "Wong, Gengchun"]
[Result "1-0"]
[Termination "normal"]
[Board "8"]
[WhiteElo "1761"]
[BlackElo "1857"]
[PlyCount "137"]
[WhiteFideId "12986062"]
[BlackFideId "12963283"]
[EventCountry "GER"]
[EventRounds "11"]
[EventType "swiss"]
[EventDate "2014.06.07"]

1. e4 c5 2. c3 d5 3. exd5 Qxd5 4. d4 Nf6 5. Nf3 Bg4 6. Be2 e6 7. O-O Nc6 8. Be3
cxd4 9. cxd4 Be7 10. Nc3 Qd7 11. h3 Bh5 12. Rc1 O-O 13. Qd2 Rfd8 14. Rfd1 Rac8
15. Ne5 Qe8 16. Nxc6 bxc6 17. Bxh5 Nxh5 18. Qc2 Nf6 19. Ne4 Nxe4 20. Qxe4 Bf6
21. Rd2 Rd5 22. Rdc2 Qd7 23. Rc4 h6 24. b3 Be7 25. Qc2 Ba3 26. Re1 Qd6 27. Qc3
Rb5 28. Qc2 Rc7 29. Qe2 Bb4 30. Rec1 Ba3 31. R1c2 Rd5 32. Qg4 Kh7 33. Bf4 e5
34. Bxe5 Rxe5 35. dxe5 Qxe5 36. Qe4+ Qxe4 37. Rxe4 Bd6 38. Rec4 Re7 39. g3 c5
40. Rd2 Re6 41. Kg2 Kg6 42. h4 Kf6 43. Kf3 h5 44. Re2 a5 45. Rxe6+ Kxe6 46. Ra4
Bc7 47. Ke4 f5+ 48. Ke3 Kd5 49. Kd3 Bd8 50. f4 Bb6 51. Rc4 Bd8 52. Rc2 Bf6 53.
Re2 Bd4 54. Re8 Bf2 55. Ra8 g6 56. Rg8 Bxg3 57. Rxg6 Bxh4 58. Rh6 Bg3 59. Rxh5
Bxf4 60. Rxf5+ Be5 61. a4 Ke6 62. Rh5 Bd4 63. Kc4 Kd6 64. Kb5 Bc3 65. Rxc5 Bb4
66. Rc6+ Kd7 67. Ra6 Kc7 68. Rxa5 Bd6 69. Ra6 1-0

[Event "DEM U12/U12w 2014"]
[Site "Magdeburg GER"]
[Date "2014.06.09"]
[Round "4"]
[White "Roseneck, Jonas"]
[Black "Huber, Benedikt"]
[Result "1/2-1/2"]
[Termination "normal"]
[Board "9"]
[WhiteElo "1766"]
[BlackElo "1719"]
[PlyCount "84"]
[WhiteFideId "12939870"]
[BlackFideId "12923583"]
[EventCountry "GER"]
[EventRounds "11"]
[EventType "swiss"]
[EventDate "2014.06.07"]

1. e4 e6 2. d4 d5 3. Nc3 Nf6 4. e5 Nfd7 5. f4 c5 6. Nf3 Nc6 7. Be3 Be7 8. Qd2
O-O 9. dxc5 Bxc5 10. Bxc5 Nxc5 11. O-O-O Qa5 12. Kb1 Rb8 13. Nd4 Qb4 14. h4 Bd7
15. Rh3 Qxd4 16. Qxd4 Nxd4 17. Rxd4 b5 18. Rd1 b4 19. Ne2 Ne4 20. Re3 Bb5 21.
Rf3 Rfc8 22. Nd4 Bxf1 23. Rfxf1 Rc4 24. g4 Kf8 25. Rf3 Ke7 26. f5 Re8 27. g5
Rcc8 28. Rb3 a5 29. a3 Nc5 30. Re3 Rf8 31. f6+ gxf6 32. gxf6+ Kd7 33. Nb3 bxa3
34. Nxc5+ Rxc5 35. Rxa3 Rg8 36. c4 Rxc4 37. Rxa5 Rgg4 38. Ra8 Rc8 39. Ra7+ Rc7
40. Ra8 Rc8 41. Ra7+ Rc7 42. Ra8 Rc8 1/2-1/2

[Event "DEM U12/U12w 2014"]
[Site "Magdeburg GER"]
[Date "2014.06.09"]
[Round "4"]
[White "Hoffmann, Lennard"]
[Black "Wierzbicki, Jirawat"]
[Result "0-1"]
[Termination "normal"]
[Board "10"]
[WhiteElo "1801"]
[BlackElo "1774"]
[PlyCount "150"]
[WhiteFideId "12943495"]
[BlackFideId "1153579"]
[EventCountry "GER"]
[EventRounds "11"]
[EventType "swiss"]
[EventDate "2014.06.07"]

1. e4 e5 2. Nf3 Nc6 3. Bc4 Nf6 4. d3 Be7 5. O-O O-O 6. Re1 d6 7. c3 Na5 8. Bb5
a6 9. Ba4 b5 10. Bc2 c5 11. Nbd2 Nc6 12. Nf1 Re8 13. Ng3 h6 14. h3 Be6 15. d4
cxd4 16. cxd4 exd4 17. Nxd4 Nxd4 18. Qxd4 Rc8 19. Bb1 d5 20. e5 Nd7 21. b3 Qc7
22. Bb2 g6 23. h4 h5 24. Qf4 Bf8 25. Qe3 Qd8 26. Qg5 Qxg5 27. hxg5 Bc5 28. Kf1
h4 29. Nh1 d4 30. Re4 h3 31. gxh3 Bd5 32. Ng3 Bxe4 33. Nxe4 Rxe5 34. Bd3 Bb6
35. Re1 Rce8 36. f4 R5e6 37. b4 Kf8 38. Kf2 f5 39. gxf6 Nxf6 40. Kf3 Nxe4 41.
Bxe4 Kg7 42. a3 Kf8 43. Ba1 a5 44. Bb2 axb4 45. axb4 R8e7 46. Bc1 d3 47. Bd2
Bf2 48. Kxf2 Rxe4 49. Rd1 Re2+ 50. Kg3 R7e6 51. Kf3 Rh2 52. Kg3 Rhe2 53. Kf3
Kf7 54. Kg3 Rc6 55. Kf3 Rc4 56. Be3 Rc3 57. Rxd3 Rxd3 58. Kxe2 Rb3 59. Bd2 Rxh3
60. Be3 Ke6 61. Kd2 Kd5 62. Kd3 Rf3 63. Ke2 Ke4 64. Bd2 Rxf4 65. Bxf4 Kxf4 66.
Kd3 g5 67. Kd4 g4 68. Kc5 g3 69. Kxb5 g2 70. Kc6 g1=Q 71. b5 Qc1+ 72. Kb7 Ke5
73. b6 Kd6 74. Ka7 Kc6 75. b7 Qa3+ 0-1

[Event "DEM U12/U12w 2014"]
[Site "Magdeburg GER"]
[Date "2014.06.09"]
[Round "4"]
[White "Lieberwirth, Kasimir"]
[Black "Holinka, Henning"]
[Result "1/2-1/2"]
[Termination "normal"]
[Board "11"]
[WhiteElo "1628"]
[BlackElo "1689"]
[PlyCount "61"]
[WhiteFideId "12988146"]
[BlackFideId "12967084"]
[EventCountry "GER"]
[EventRounds "11"]
[EventType "swiss"]
[EventDate "2014.06.07"]

1. e4 d6 2. d4 g6 3. Nc3 Bg7 4. Be3 a6 5. Bc4 Nf6 6. f3 b5 7. Bb3 Nbd7 8. Qd2
Bb7 9. Nge2 c5 10. a3 O-O 11. Bh6 c4 12. Bxg7 Kxg7 13. Ba2 Qb6 14. Nd1 Rfc8 15.
c3 e5 16. O-O d5 17. exd5 Nxd5 18. Ne3 exd4 19. Nxd4 Nxe3 20. Qxe3 Re8 21. Qf2
Re7 22. Rfe1 Rae8 23. Kh1 Qf6 24. Rxe7 Rxe7 25. Re1 Kg8 26. Bb1 Nc5 27. Rxe7
Qxe7 28. h3 Qe5 29. Qd2 Kg7 30. Kg1 h5 31. Bc2 1/2-1/2

[Event "DEM U12/U12w 2014"]
[Site "Magdeburg GER"]
[Date "2014.06.09"]
[Round "4"]
[White "Meyling, Lennart"]
[Black "Collin, Alexander"]
[Result "1/2-1/2"]
[Termination "normal"]
[Board "12"]
[WhiteElo "1722"]
[BlackElo "1590"]
[PlyCount "90"]
[WhiteFideId "12947130"]
[BlackFideId "12946745"]
[EventCountry "GER"]
[EventRounds "11"]
[EventType "swiss"]
[EventDate "2014.06.07"]

1. e4 e6 2. d4 d5 3. e5 c5 4. c3 Nc6 5. g3 Qb6 6. Ne2 Nh6 7. Bh3 cxd4 8. cxd4
Nf5 9. Bxf5 exf5 10. O-O Be6 11. Nbc3 Be7 12. b3 O-O 13. Na4 Qd8 14. Be3 Rc8
15. Rc1 Qd7 16. Nc5 Bxc5 17. Rxc5 b6 18. Rc3 Nb4 19. Rxc8 Rxc8 20. Qd2 a5 21.
Nc3 Na6 22. Na4 Rc6 23. Rc1 Kf8 24. Rxc6 Qxc6 25. Qc1 Qxc1+ 26. Bxc1 b5 27. Nc3
Nc7 28. Bd2 Bd7 29. Nb1 b4 30. a3 bxa3 31. Nxa3 a4 32. bxa4 Bxa4 33. f3 Nb5 34.
Nxb5 Bxb5 35. Kf2 Ke7 36. Bb4+ Ke6 37. Bf8 g6 38. Bg7 h5 39. f4 Kd7 40. Ke3 Kc7
41. Kd2 Kb6 42. Kc3 Ka5 43. Bf8 Ka4 44. Bb4 Bc4 45. Be7 Kb5 1/2-1/2

[Event "DEM U12/U12w 2014"]
[Site "Magdeburg GER"]
[Date "2014.06.09"]
[Round "4"]
[White "Wachtel, Arthur"]
[Black "Schallner, Marc"]
[Result "0-1"]
[Termination "normal"]
[Board "16"]
[WhiteElo "1539"]
[BlackElo "1668"]
[PlyCount "116"]
[WhiteFideId "12988510"]
[BlackFideId "12971243"]
[EventCountry "GER"]
[EventRounds "11"]
[EventType "swiss"]
[EventDate "2014.06.07"]

1. e4 e5 2. Nf3 Nc6 3. Bc4 Bc5 4. c3 Nf6 5. d3 d6 6. Bb3 a6 7. Nbd2 O-O 8. h3
Ba7 9. Nf1 h6 10. Ng3 Be6 11. O-O Re8 12. Re1 d5 13. Qe2 d4 14. Nh4 Bc5 15.
Nhf5 Bf8 16. Qf3 Kh7 17. Qe2 g6 18. Nh4 Bg7 19. Nf3 Qd7 20. Kh2 Rad8 21. Bxe6
Rxe6 22. c4 Qe7 23. Bd2 Nb4 24. Bxb4 Qxb4 25. Qd2 Qxd2 26. Nxd2 Nd7 27. b4 b6
28. a3 Bf8 29. Rab1 Ra8 30. a4 a5 31. Red1 Bxb4 32. Nb3 Rb8 33. Rf1 Kg7 34. f4
Rd6 35. f5 Nc5 36. Nxc5 bxc5 37. Kg1 Rdb6 38. Ne2 Bd2 39. Rb5 Rxb5 40. cxb5 Rb6
41. fxg6 fxg6 42. Nc1 Rf6 43. Rxf6 Kxf6 44. Nb3 Bb4 45. Kf2 h5 46. g3 Kg5 47.
Kf3 Kh6 48. h4 Kg7 49. Ke2 Kf7 50. Kf2 Ke7 51. Ke2 Kd6 52. Na1 c4 53. dxc4 Kc5
54. Kd3 Be1 55. Nb3+ Kb4 56. c5 Kxb3 57. b6 cxb6 58. cxb6 Bb4 0-1

[Event "DEM U12/U12w 2014"]
[Site "Magdeburg GER"]
[Date "2014.06.09"]
[Round "4"]
[White "Recktenwald, Cedric"]
[Black "Dietz, Florian"]
[Result "0-1"]
[Termination "normal"]
[Board "17"]
[WhiteElo "1435"]
[BlackElo "1860"]
[PlyCount "64"]
[WhiteFideId "12971928"]
[BlackFideId "12939897"]
[EventCountry "GER"]
[EventRounds "11"]
[EventType "swiss"]
[EventDate "2014.06.07"]

1. e4 c5 2. Nf3 d6 3. d4 cxd4 4. Nxd4 Nf6 5. Nc3 g6 6. Be2 Bg7 7. O-O O-O 8.
Be3 Nc6 9. Nb3 Be6 10. f4 Kh8 11. Kh1 Qc8 12. Bf3 Bg4 13. Bg1 Bxf3 14. Qxf3 Qd7
15. Qd3 Ne8 16. Qd2 Nc7 17. Rab1 Nd8 18. Bd4 Nde6 19. Bxg7+ Kxg7 20. Nd5 Kg8
21. Nd4 Nxd5 22. exd5 Nxd4 23. Qxd4 Qf5 24. c4 Rfc8 25. b3 a5 26. Qb6 Qd7 27.
a4 Rc5 28. b4 axb4 29. Rxb4 Rxa4 30. Rxa4 Qxa4 31. Qxb7 Qxc4 32. Ra1 Qc1+ 0-1

[Event "DEM U12/U12w 2014"]
[Site "Magdeburg GER"]
[Date "2014.06.09"]
[Round "4"]
[White "Zimmer, Raphael"]
[Black "Santos, Leonardo"]
[Result "1-0"]
[Termination "normal"]
[Board "18"]
[WhiteElo "1868"]
[BlackElo "1451"]
[PlyCount "71"]
[WhiteFideId "12978841"]
[BlackFideId "12965049"]
[EventCountry "GER"]
[EventRounds "11"]
[EventType "swiss"]
[EventDate "2014.06.07"]

1. e4 c5 2. Nf3 d6 3. d4 cxd4 4. Nxd4 Nf6 5. f3 e5 6. Nb3 d5 7. Bg5 Be6 8. Bb5+
Nc6 9. Nc3 d4 10. Ne2 Qb6 11. Bd3 Be7 12. O-O Nd7 13. Bxe7 Nxe7 14. Qc1 f6 15.
Nd2 Rc8 16. b3 O-O 17. f4 Nc6 18. f5 Bf7 19. Nc4 Qc7 20. Rf3 Nb6 21. Nxb6 Qxb6
22. Rg3 Kh8 23. a3 Rc7 24. Rh3 a6 25. Ng3 Na7 26. a4 Rfc8 27. Qd2 Nc6 28. Qf2
Nb4 29. Rf1 Nxd3 30. cxd3 Qxb3 31. Ne2 Rc2 32. Qh4 Bg8 33. Qg4 Qa2 34. Ng3
Rxg2+ 35. Kh1 Qe2 36. Qxe2 1-0

[Event "DEM U12/U12w 2014"]
[Site "Magdeburg GER"]
[Date "2014.06.09"]
[Round "4"]
[White "Bui, Ngoc Han Julia"]
[Black "Wagner, Benjamin"]
[Result "0-1"]
[Termination "normal"]
[Board "19"]
[WhiteElo "1446"]
[BlackElo "1634"]
[PlyCount "64"]
[WhiteFideId "12977055"]
[BlackFideId "12957330"]
[EventCountry "GER"]
[EventRounds "11"]
[EventType "swiss"]
[EventDate "2014.06.07"]

1. e4 e5 2. Nf3 Nc6 3. Nc3 Nf6 4. d4 exd4 5. Nxd4 Bb4 6. Nxc6 bxc6 7. Bd3 d5 8.
exd5 cxd5 9. O-O O-O 10. Bg5 c6 11. h3 h6 12. Bh4 Rb8 13. Na4 Be7 14. b3 Rb4
15. Bg3 Bd6 16. Bxd6 Qxd6 17. Re1 Rh4 18. Re3 d4 19. Rg3 Re8 20. c3 Nh5 21. Rf3
Bg4 22. Bc4 Bxf3 23. Bxf7+ Kxf7 24. Qxf3+ Qf6 25. Qd3 Nf4 26. Qc4+ Ne6 27. Re1
Rh5 28. cxd4 Rd5 29. Qxc6 Qxd4 30. Re3 Rf5 31. Qb7+ Re7 32. Qc6 Qd2 0-1

[Event "DEM U12/U12w 2014"]
[Site "Magdeburg GER"]
[Date "2014.06.09"]
[Round "4"]
[White "Rößler, Lukas Namgyu"]
[Black "Biermann, Lenhard"]
[Result "1/2-1/2"]
[Termination "normal"]
[Board "20"]
[WhiteElo "1662"]
[BlackElo "1535"]
[PlyCount "65"]
[WhiteFideId "12938718"]
[BlackFideId "12970077"]
[EventCountry "GER"]
[EventRounds "11"]
[EventType "swiss"]
[EventDate "2014.06.07"]

1. e4 e6 2. d4 d5 3. Nc3 Bb4 4. e5 c5 5. a3 Bxc3+ 6. bxc3 Qa5 7. Bd2 Qa4 8. Be3
c4 9. Qd2 Nc6 10. Nf3 Bd7 11. Be2 Nge7 12. O-O O-O-O 13. Ng5 Rdf8 14. f4 Nf5
15. Rfc1 f6 16. Nf3 Be8 17. Bd1 Bg6 18. g4 Nxe3 19. Qxe3 f5 20. g5 h6 21. Nh4
Be8 22. g6 h5 23. Kf2 Ne7 24. Be2 Nxg6 25. Nxg6 Bxg6 26. h4 Be8 27. Qg3 Qd7 28.
Rg1 g6 29. Rgb1 Qf7 30. Rb2 Bc6 31. Rc1 Be8 32. Qh3 Qe7 33. Ra1 1/2-1/2

[Event "DEM U12/U12w 2014"]
[Site "Magdeburg GER"]
[Date "2014.06.09"]
[Round "4"]
[White "Kück, Artur"]
[Black "Schneider, Jana"]
[Result "0-1"]
[Termination "normal"]
[Board "21"]
[WhiteElo "1393"]
[BlackElo "1824"]
[PlyCount "61"]
[WhiteFideId "12965120"]
[BlackFideId "12924997"]
[EventCountry "GER"]
[EventRounds "11"]
[EventType "swiss"]
[EventDate "2014.06.07"]

1. e4 e5 2. f4 exf4 3. Nf3 d5 4. exd5 Nf6 5. Bb5+ c6 6. dxc6 Nxc6 7. Nc3 Bd6 8.
d3 O-O 9. O-O Bg4 10. Bxc6 Qb6+ 11. d4 Qxc6 12. h3 Bh5 13. Qd3 Bg6 14. Qb5 Qc7
15. Qb3 a6 16. Ne5 Bxe5 17. dxe5 Qxe5 18. Bxf4 Qc5+ 19. Kh1 b5 20. Rad1 Rad8
21. Rfe1 Bf5 22. Re5 Qc8 23. Rxd8 Rxd8 24. Re7 Be6 25. Qb4 Nh5 26. Rc7 Qa8 27.
Kh2 a5 28. Qxb5 Nxf4 29. Qb7 Qxb7 30. Rxb7 h5 31. Ra7 0-1

[Event "DEM U12/U12w 2014"]
[Site "Magdeburg GER"]
[Date "2014.06.09"]
[Round "4"]
[White "Mix, Clemens"]
[Black "Baltic, Fatih"]
[Result "0-1"]
[Termination "normal"]
[Board "22"]
[WhiteElo "1474"]
[BlackElo "1870"]
[PlyCount "92"]
[WhiteFideId "12987921"]
[BlackFideId "12979090"]
[EventCountry "GER"]
[EventRounds "11"]
[EventType "swiss"]
[EventDate "2014.06.07"]

1. e4 c5 2. Nf3 e6 3. d4 cxd4 4. Nxd4 a6 5. Nc3 Qc7 6. Bd3 Nf6 7. O-O Be7 8.
Be3 b5 9. Kh1 Bb7 10. f4 d6 11. Qf3 Nbd7 12. Rae1 Nb6 13. Bc1 Nc4 14. Qh3 Qc5
15. Nf3 e5 16. Nd2 Bc8 17. Qf3 O-O 18. Bxc4 bxc4 19. Qe2 a5 20. Qf2 Qc7 21. Nf3
Re8 22. Rd1 Rb8 23. fxe5 dxe5 24. Nd5 Nxd5 25. Rxd5 f6 26. Qe2 Be6 27. Rdd1 a4
28. c3 a3 29. bxa3 Qa5 30. Qc2 Rb7 31. Be3 Bxa3 32. Rb1 Reb8 33. Rxb7 Rxb7 34.
Rb1 Rxb1+ 35. Qxb1 Qxc3 36. Qb8+ Kf7 37. Qc7+ Kg6 38. Bf2 Qc1+ 39. Bg1 c3 40.
Nh4+ Kh6 41. Qb6 Bg4 42. h3 Qe1 43. Qe3+ Qxe3 44. Bxe3+ Kh5 45. hxg4+ Kxh4 46.
Kg1 c2 0-1

[Event "DEM U12/U12w 2014"]
[Site "Magdeburg GER"]
[Date "2014.06.09"]
[Round "4"]
[White "ter Stal, Sven"]
[Black "Rosenhain, Rachela"]
[Result "1-0"]
[Termination "normal"]
[Board "23"]
[WhiteElo "1707"]
[BlackElo "1659"]
[PlyCount "91"]
[WhiteFideId "12946443"]
[BlackFideId "12957615"]
[EventCountry "GER"]
[EventRounds "11"]
[EventType "swiss"]
[EventDate "2014.06.07"]

1. e4 e5 2. Nf3 Nc6 3. Bc4 Nf6 4. d3 Be7 5. c3 O-O 6. Bb3 d6 7. Nbd2 Be6 8. h3
d5 9. Qe2 Re8 10. Nf1 Qd7 11. Ng3 dxe4 12. dxe4 Bxb3 13. axb3 Rad8 14. O-O Qd3
15. Qxd3 Rxd3 16. Bg5 h6 17. Bxf6 Bxf6 18. Nf5 Red8 19. Ne3 R3d7 20. Nd5 Be7
21. Rfd1 Bc5 22. b4 Bd6 23. b5 Ne7 24. Rxa7 b6 25. Nxe7+ Rxe7 26. Kf1 Red7 27.
Ke2 Kf8 28. Nh4 g6 29. Nf3 Ke7 30. Ne1 Ke6 31. Nc2 f5 32. f3 g5 33. Ne3 f4 34.
Nd5 h5 35. Rda1 Rb8 36. Ra8 Rdd8 37. Rxb8 Rxb8 38. Ra7 Rc8 39. c4 h4 40. b4 Kf7
41. Nxb6 Rd8 42. Nd5 Kg8 43. Kd3 Bxb4 44. Rxc7 Ba5 45. Re7 Bb6 46. Rxe5 1-0

[Event "DEM U12/U12w 2014"]
[Site "Magdeburg GER"]
[Date "2014.06.09"]
[Round "4"]
[White "Hermanns, Till"]
[Black "Mütsch, Annmarie"]
[Result "1-0"]
[Termination "normal"]
[Board "24"]
[WhiteElo "1449"]
[BlackElo "1648"]
[PlyCount "63"]
[WhiteFideId "12972347"]
[BlackFideId "12971367"]
[EventCountry "GER"]
[EventRounds "11"]
[EventType "swiss"]
[EventDate "2014.06.07"]

1. d4 d5 2. c4 e6 3. Nf3 Nf6 4. Bg5 Be7 5. Bxf6 Bxf6 6. e3 Nd7 7. Nc3 c6 8. Be2
O-O 9. O-O Re8 10. Qd2 Nf8 11. b4 Ng6 12. b5 Qe7 13. bxc6 bxc6 14. cxd5 exd5
15. Na4 Nh4 16. Nc5 Nxf3+ 17. Bxf3 Bh4 18. g3 Bg5 19. Bg2 Bf5 20. Rfe1 Qf6 21.
Rac1 Qh6 22. Qe2 Rad8 23. h4 Be7 24. Qf1 Rd6 25. Bh3 Bxh3 26. Qxh3 Rg6 27. Kf1
Bd6 28. Rc3 Bc7 29. Qd7 Rf8 30. Qxc7 Rg4 31. Nd7 Re8 32. Ne5 1-0

[Event "DEM U12/U12w 2014"]
[Site "Magdeburg GER"]
[Date "2014.06.09"]
[Round "4"]
[White "Reitz, Theresa"]
[Black "Pfreundt, Mathis"]
[Result "0-1"]
[Termination "normal"]
[Board "25"]
[WhiteElo "1484"]
[BlackElo "1667"]
[PlyCount "52"]
[WhiteFideId "12971901"]
[BlackFideId "12967092"]
[EventCountry "GER"]
[EventRounds "11"]
[EventType "swiss"]
[EventDate "2014.06.07"]

1. e4 c5 2. Nf3 Nc6 3. Bb5 d6 4. Bxc6+ bxc6 5. O-O g6 6. d4 cxd4 7. Qxd4 f6 8.
Nc3 Nh6 9. h3 Bg7 10. Qd1 O-O 11. Be3 f5 12. exf5 Nxf5 13. Qd2 Nxe3 14. Qxe3
Bf5 15. Qd2 Bxh3 16. gxh3 Rxf3 17. Kg2 Qf8 18. Rfe1 Qf5 19. Rh1 Rf8 20. Raf1
Bf6 21. Nd1 Bh4 22. Qd4 Qg5+ 23. Qg4 Qd5 24. Kg1 R8f4 25. Qc8+ Kg7 26. Ne3 Rxe3
0-1

[Event "DEM U12/U12w 2014"]
[Site "Magdeburg GER"]
[Date "2014.06.09"]
[Round "4"]
[White "Ruppert, Paula"]
[Black "Gheng, Dominik"]
[Result "0-1"]
[Termination "normal"]
[Board "26"]
[WhiteElo "1202"]
[BlackElo "1556"]
[PlyCount "50"]
[WhiteFideId "12979996"]
[BlackFideId "12906778"]
[EventCountry "GER"]
[EventRounds "11"]
[EventType "swiss"]
[EventDate "2014.06.07"]

1. e4 c5 2. Nf3 Nc6 3. d4 cxd4 4. Nxd4 g6 5. Nc3 Bg7 6. Be3 Nf6 7. f3 Qb6 8. b3
O-O 9. Be2 Nxe4 10. fxe4 Bxd4 11. Bxd4 Nxd4 12. Nd5 Qc5 13. Bc4 b5 14. Be2
Nxc2+ 15. Kf1 Nxa1 16. Qxa1 Bb7 17. Bf3 Bxd5 18. exd5 Rac8 19. Ke2 Qc2+ 20. Ke3
Rc3+ 21. Kf4 Qf5+ 22. Kg3 Rfc8 23. Re1 Qxd5 24. Rxe7 Qd6+ 25. Kf2 Qxe7 0-1